[Event "Mittelrhein Verbandsliga-S 18/19"]
[Site "Nordrheinwestfalen"]
[Date "2018.09.23"]
[Round "2.5"]
[White "Budzyn, Marcus"]
[Black "Meinecke, Florian"]
[Result "0-1"]
[WhiteElo "1948"]
[BlackElo "1924"]
[PlyCount "180"]
[EventDate "2018.09.02"]
[EventType "team-tourn"]
[EventRounds "11"]
[EventCountry "GER"]
[SourceTitle "EXT 2022"]
[Source "ChessBase"]
[SourceDate "2021.10.06"]
[SourceVersion "1"]
[SourceVersionDate "2021.10.06"]
[SourceQuality "1"]
[WhiteTeam "Troisdorf"]
[BlackTeam "St Augustin Turm"]
[WhiteTeamCountry "GER"]
[BlackTeamCountry "GER"]

1. Nf3 d5 2. c4 c6 3. g3 Nf6 4. Bg2 e6 5. 0-0 Nbd7 6. d3 Bc5 7. d4 Bd6 8. Qc2 0-0 9. Nbd2 Rb8 10. e4 dxe4 11. Ng5 Be7 12. Ndxe4 h6 13. Nh3 Nxe4 14. Qxe4 Nf6 15. Qe3 Qd7 16. Bd2 b6 17. Bc3 Bb7 18. Rad1 Rbd8 19. Rfe1 Rfe8 20. Qf3 Ba8 21. Qe2 Qc8 22. Nf4 Bd6 23. Nh5 Nxh5 24. Qxh5 Bf8 25. d5 exd5 26. Rxe8 Rxe8 27. cxd5 c5 28. d6 Qd7 29. Bxa8 Rxa8 30. Qd5 Re8 31. b4 Rc8 32. Rd3 Rc6 33. bxc5 Rxc5 34. Qd4 Qxd6 35. Qxd6 Bxd6 36. Kg2 Be5 37. Rd8+ Kh7 38. Bb4 Rc7 39. Rd5 Bf6 40. Bd2 Rc8 41. Bb4 Rd8 42. Rb5 g6 43. Kf3 Bd4 44. Be7 Rd7 45. Ba3 f5 46. h3 Bf6 47. Bb4 Kg7 48. Ke2 Kf7 49. Bd2 h5 50. Rb1 Be7 51. Be3 Rd5 52. Rc1 Bc5 53. Bf4 Rd4 54. f3 Ke6 55. Rc2 a5 56. Bd2 Kd5 57. Bg5 Rc4 58. Rd2+ Bd4 59. Kd1 Kc5 60. Be7+ Kb5 61. Ke2 Bc5 62. Bf6 Bb4 63. Rb2 Ka4 64. Kd3 Rc6 65. Be5 Bd6 66. f4 b5 67. Kd4 Ba3 68. Rg2 b4 69. Kd5 Kb5 70. g4 Rc5+ 71. Kd4 hxg4 72. hxg4 fxg4 73. Bd6 Rc4+ 74. Kd5 Bc1 75. Rg1 Bxf4 76. a4+ bxa3 77. Bxa3 Ra4 78. Rb1+ Ka6 79. Bc5 Bc7 80. Kc6 Rc4 81. Kd5 Rc2 82. Re1 g5 83. Re6+ Kb5 84. Bd4 g3 85. Rg6 Bf4 86. Rb6+ Ka4 87. Ke4 Rc4 88. Kd3 Rxd4+ 89. Kxd4 g2 90. Rb1 Bh2 0-1

[Event "Mittelrhein Verbandsliga-O 16/17"]
[Site "Nordrheinwestfalen"]
[Date "2017.03.19"]
[Round "9.4"]
[White "Padva, Leo"]
[Black "Budzyn, Marcus"]
[Result "0-1"]
[WhiteElo "1991"]
[BlackElo "1950"]
[PlyCount "86"]
[EventDate "2016.09.11"]
[EventType "team-tourn"]
[EventRounds "11"]
[EventCountry "GER"]
[SourceTitle "EXT 2022"]
[Source "ChessBase"]
[SourceDate "2021.10.06"]
[SourceVersion "1"]
[SourceVersionDate "2021.10.06"]
[SourceQuality "1"]
[WhiteTeam "Porz SG IV"]
[BlackTeam "Troisdorf"]
[WhiteTeamCountry "GER"]
[BlackTeamCountry "GER"]

1. d4 Nf6 2. c4 e6 3. Nc3 c5 4. d5 exd5 5. cxd5 d6 6. e4 g6 7. Bd3 Bg7 8. Nf3 0-0 9. 0-0 Bg4 10. h3 Bxf3 11. Qxf3 Nfd7 12. Qg3 Ne5 13. Be2 Qe7 14. Bg5 f6 15. Bd2 Na6 16. Rae1 Nc7 17. h4 Rab8 18. h5 g5 19. f4 Nf7 20. Bd3 b5 21. Bc2 c4 22. Ne2 gxf4 23. Bxf4 Kh8 24. Nd4 Qd7 25. Nf5 Rg8 26. Nxd6 Nxd6 27. Bxd6 Bf8 28. Qc3 Qg7 29. Qxf6 Bxd6 30. Qxg7+ Rxg7 31. Rf5 Re8 32. Re2 Be5 33. b3 Bd4+ 34. Kf1 Bc5 35. Rd2 Bd6 36. bxc4 bxc4 37. Ba4 Rxe4 38. h6 Rg6 39. Rdf2 Rxh6 40. g3 Rg6 41. Bc2 Re8 42. Rf7 Rg7 43. g4 Rxf7 0-1

[Event "Mittelrhein Verbandsliga-O 16/17"]
[Site "Nordrheinwestfalen"]
[Date "2017.02.19"]
[Round "8.3"]
[White "Fischer, Oliver"]
[Black "Budzyn, Marcus"]
[Result "1-0"]
[WhiteElo "1889"]
[BlackElo "1950"]
[PlyCount "81"]
[EventDate "2016.09.11"]
[EventType "team-tourn"]
[EventRounds "11"]
[EventCountry "GER"]
[SourceTitle "EXT 2022"]
[Source "ChessBase"]
[SourceDate "2021.10.06"]
[SourceVersion "1"]
[SourceVersionDate "2021.10.06"]
[SourceQuality "1"]
[WhiteTeam "Bruehl II"]
[BlackTeam "Troisdorf"]
[WhiteTeamCountry "GER"]
[BlackTeamCountry "GER"]

1. e4 d6 2. d4 g6 3. g3 Bg7 4. Bg2 Nc6 5. Ne2 e5 6. Be3 exd4 7. Nxd4 Nge7 8. 0-0 0-0 9. Nc3 Ne5 10. h3 Nc4 11. Bc1 Nc6 12. Nde2 Be6 13. Rb1 Nb6 14. b3 Qd7 15. Kh2 Rad8 16. Nd5 f5 17. Nef4 Rf7 18. Nxe6 Qxe6 19. exf5 Qxf5 20. Nxb6 axb6 21. Bd5 Rdf8 22. Bb2 Be5 23. Bxe5 Nxe5 24. f4 Nd7 25. Qd3 Qf6 26. Rbd1 Nc5 27. Qd4 Ne6 28. Qxf6 Rxf6 29. Rfe1 Re8 30. Bxb7 Ng7 31. Rxe8+ Nxe8 32. Re1 Kf8 33. Bc6 Ng7 34. Kg2 Rf5 35. b4 Rf6 36. a4 Ne6 37. c3 h5 38. h4 Kg7 39. Bd5 Kf7 40. a5 bxa5 41. bxa5 1-0

[Event "Oslo op"]
[Site "Fornebu"]
[Date "2016.09.30"]
[Round "1"]
[White "Budzyn, Marcus"]
[Black "Landsverk, Ida"]
[Result "1-0"]
[WhiteElo "1954"]
[BlackElo "1431"]
[PlyCount "65"]
[EventDate "2016.09.30"]
[EventType "swiss"]
[EventRounds "9"]
[EventCountry "NOR"]
[SourceTitle "EXT 2018"]
[Source "ChessBase"]
[SourceDate "2017.10.13"]
[SourceVersion "1"]
[SourceVersionDate "2017.10.13"]
[SourceQuality "1"]

1. Nf3 Nf6 2. c4 c5 3. g3 g6 4. Bg2 Bg7 5. 0-0 0-0 6. d4 d6 7. Nc3 Nbd7 8. e3 Rb8 9. Qe2 b6 10. Rd1 Bb7 11. d5 Re8 12. e4 Nf8 13. e5 Ng4 14. e6 fxe6 15. dxe6 Bxf3 16. Bxf3 Ne5 17. Bd5 Qc8 18. Qe4 Nxe6 19. f4 Kh8 20. Bxe6 Qxe6 21. fxe5 Bxe5 22. Bf4 Rbd8 23. Rd5 Kg8 24. Rad1 Rf8 25. Bxe5 Rf5 26. Bf4 Qf7 27. Rxf5 gxf5 28. Qd3 Rd7 29. b3 e5 30. Bxe5 Qh5 31. Bf4 Qg4 32. Qd5+ Kg7 33. Be5+ 1-0

[Event "Mittelrhein Verbandsliga-O 15/16"]
[Site "Nordrheinwestfalen"]
[Date "2015.12.13"]
[Round "5"]
[White "Budzyn, Marcus"]
[Black "Breest, Axel"]
[Result "1/2-1/2"]
[WhiteElo "1932"]
[BlackElo "1851"]
[PlyCount "97"]
[EventDate "2015.09.06"]
[EventType "team-tourn"]
[EventRounds "11"]
[EventCountry "GER"]
[SourceTitle "EXT 2022"]
[Source "ChessBase"]
[SourceDate "2021.10.06"]
[SourceVersion "1"]
[SourceVersionDate "2021.10.06"]
[SourceQuality "1"]
[WhiteTeam "Troisdorf"]
[BlackTeam "Siegburg"]
[WhiteTeamCountry "GER"]
[BlackTeamCountry "GER"]

1. Nf3 Nf6 2. c4 e6 3. g3 d5 4. Bg2 Be7 5. 0-0 0-0 6. d4 Nbd7 7. cxd5 exd5 8. Nc3 c6 9. Qc2 Re8 10. Bf4 Nh5 11. Bd2 Nf8 12. Rfe1 Bf6 13. e4 dxe4 14. Nxe4 Be6 15. Nc5 Qc8 16. Nxe6 Rxe6 17. Be3 Re8 18. Rac1 Qe6 19. b3 g6 20. Red1 Ng7 21. Ng5 Qf5 22. Ne4 Be7 23. d5 cxd5 24. Rxd5 Rac8 25. Qd3 Rxc1+ 26. Bxc1 Qc8 27. Bb2 Rd8 28. Rxd8 Qxd8 29. Qxd8 Bxd8 30. Nf6+ Bxf6 31. Bxf6 b6 32. Bc6 Nfe6 33. Be5 Nf5 34. Bb8 Nfd4 35. Bd7 Nc5 36. Bg4 f5 37. Bd1 a5 38. Bc7 Nd7 39. f4 Kf7 40. Kf2 Nb5 41. Bd8 Nc3 42. Bf3 Nxa2 43. Bc6 Ke6 44. Bxd7+ Kxd7 45. Bxb6 Nc1 46. Bxa5 Nxb3 47. Bc3 Nc5 48. Kf3 Ke6 49. Bb4 1/2-1/2

[Event "Mittelrhein Verbandsliga Ost 1415"]
[Site "Mittelrhein"]
[Date "2015.03.15"]
[Round "9.7"]
[White "Budzyn, Marcus"]
[Black "Ipekyilmaz, Tayfun"]
[Result "1/2-1/2"]
[WhiteElo "1900"]
[BlackElo "1595"]
[PlyCount "58"]
[EventDate "2014.09.07"]
[EventType "team-tourn"]
[EventRounds "11"]
[EventCountry "GER"]
[SourceTitle "EXT 2023"]
[Source "ChessBase"]
[SourceDate "2022.10.05"]
[SourceVersion "1"]
[SourceVersionDate "2022.10.05"]
[SourceQuality "1"]
[WhiteTeam "Troisdorf"]
[BlackTeam "Langenfeld II"]
[WhiteTeamCountry "GER"]
[BlackTeamCountry "GER"]

1. Nf3 Nf6 2. c4 g6 3. g3 d5 4. Bg2 Bg7 5. 0-0 0-0 6. cxd5 Nxd5 7. e4 Nb6 8. a4 c6 9. d4 Bg4 10. Be3 Nc4 11. Qc2 Nxe3 12. fxe3 Na6 13. h3 Bxf3 14. Bxf3 Nb4 15. Qb3 a5 16. e5 e6 17. Nc3 Rb8 18. Bg2 Nd5 19. Nxd5 cxd5 20. Kh2 Qd7 21. Rf2 f6 22. exf6 Rxf6 23. Rxf6 Bxf6 24. Rc1 Rc8 25. Rxc8+ Qxc8 26. e4 dxe4 27. d5 exd5 28. Bxe4 Kg7 29. Bxd5 Qd7 1/2-1/2

[Event "Mittelrhein Verbandsliga Ost 1415"]
[Site "Mittelrhein"]
[Date "2015.02.01"]
[Round "7.7"]
[White "Budzyn, Marcus"]
[Black "Schmitz, Paul"]
[Result "1-0"]
[WhiteElo "1900"]
[BlackElo "1596"]
[PlyCount "67"]
[EventDate "2014.09.07"]
[EventType "team-tourn"]
[EventRounds "11"]
[EventCountry "GER"]
[SourceTitle "EXT 2023"]
[Source "ChessBase"]
[SourceDate "2022.10.05"]
[SourceVersion "1"]
[SourceVersionDate "2022.10.05"]
[SourceQuality "1"]
[WhiteTeam "Troisdorf"]
[BlackTeam "Fritzdorf"]
[WhiteTeamCountry "GER"]
[BlackTeamCountry "GER"]

1. Nf3 Nf6 2. c4 c5 3. g3 Nc6 4. Bg2 e6 5. 0-0 d5 6. cxd5 exd5 7. d4 c4 8. Ne5 Be6 9. Nc3 Be7 10. f4 Qc8 11. f5 Bxf5 12. Nxd5 Nxe5 13. Nxe7 Kxe7 14. dxe5 Qc5+ 15. Kh1 Qxe5 16. Bf4 Qe6 17. Qd4 Be4 18. Qc5+ Ke8 19. Rf3 b6 20. Qa3 Nd5 21. Bd2 f5 22. Raf1 g6 23. g4 Rf8 24. gxf5 gxf5 25. Rg3 b5 26. Rg1 a6 27. Bf3 Bxf3+ 28. exf3 Kd7 29. Qc5 Rac8 30. Qd4 Rg8 31. Rg7+ Kc6 32. b4 Rxg7 33. Rxg7 Rg8 34. Qc5# 1-0

[Event "Troisdorf op"]
[Site "Troisdorf"]
[Date "2013.10.22"]
[Round "1"]
[White "Margenberg, Volker"]
[Black "Budzyn, Marcus"]
[Result "0-1"]
[WhiteElo "1912"]
[BlackElo "1933"]
[PlyCount "50"]
[EventDate "2013.10.22"]
[EventType "swiss"]
[EventRounds "7"]
[EventCountry "GER"]
[SourceTitle "EXT 2016"]
[Source "ChessBase"]
[SourceDate "2015.10.08"]
[SourceVersion "1"]
[SourceVersionDate "2015.10.08"]
[SourceQuality "1"]

1. d4 c5 2. d5 e6 3. e4 Nf6 4. Nc3 exd5 5. exd5 d6 6. Nf3 Be7 7. Be2 0-0 8. 0-0 Na6 9. Nb5 Nb4 10. c4 Bf5 11. Bd2 a6 12. Na3 Ne4 13. Bxb4 cxb4 14. Nc2 Bf6 15. Nfd4 Bg6 16. Bd3 Qb6 17. Bxe4 Bxe4 18. Re1 Rfe8 19. Qd2 Rac8 20. b3 Bxc2 21. Rxe8+ Rxe8 22. Nxc2 Bxa1 23. Nxa1 Qd4 24. Qc1 Re2 25. Qf1 Qd2 0-1

[Event "Verbandsliga Mittelrhein-Ost 1213"]
[Site "Germany"]
[Date "2012.10.21"]
[Round "3.4"]
[White "Budzyn, Marcus"]
[Black "Klein, Manfred"]
[Result "1/2-1/2"]
[WhiteElo "1936"]
[BlackElo "2026"]
[PlyCount "26"]
[EventDate "2012.09.09"]
[EventType "team"]
[EventRounds "11"]
[EventCountry "GER"]
[SourceTitle "EXT 2015"]
[Source "ChessBase"]
[SourceDate "2014.11.20"]
[SourceVersion "1"]
[SourceVersionDate "2014.11.20"]
[SourceQuality "1"]
[WhiteTeam "Troisdorf"]
[BlackTeam "Siegburg"]
[WhiteTeamCountry "GER"]
[BlackTeamCountry "GER"]

1. Nf3 Nf6 2. c4 c5 3. g3 g6 4. Bg2 Nc6 5. 0-0 Bg7 6. d4 cxd4 7. Nxd4 0-0 8. Nc3 Nxd4 9. Qxd4 d6 10. Qd3 a6 11. Bg5 Rb8 12. Rac1 Be6 13. Rfd1 Qa5 1/2-1/2

[Event "Troisdorf op"]
[Site "Troisdorf"]
[Date "2008.11.04"]
[Round "4"]
[White "Meissner, Wolf Dieter"]
[Black "Budzyn, Marcus"]
[Result "1-0"]
[WhiteElo "1973"]
[BlackElo "1826"]
[PlyCount "79"]
[EventDate "2008.10.14"]
[EventType "swiss"]
[EventRounds "7"]
[EventCountry "GER"]
[SourceTitle "EXT 2011"]
[Source "ChessBase"]
[SourceDate "2010.11.26"]
[SourceVersion "1"]
[SourceVersionDate "2010.11.26"]
[SourceQuality "1"]

1. e4 d6 2. d4 Nf6 3. Nc3 g6 4. Be3 Bg7 5. f3 c6 6. Qd2 b5 7. Bd3 Nbd7 8. g4 e5 9. d5 cxd5 10. Nxb5 Nc5 11. exd5 Nxd3+ 12. Qxd3 e4 13. Qc4 0-0 14. g5 exf3 15. gxf6 Qxf6 16. Kf2 Ba6 17. a4 Rac8 18. Qd3 Qh4+ 19. Kxf3 Rc4 20. Ne2 Bc8 21. Ng3 Be5 22. Ke2 Bg4+ 23. Kd2 Rfc8 24. c3 Bf3 25. Nxa7 Rb8 26. Rab1 Bxh1 27. Nxh1 Qxh2+ 28. Nf2 Rf4 29. Qe2 Rxa4 30. Nc6 Re8 31. Nd3 Qxe2+ 32. Kxe2 Bf6 33. Kf3 Rh4 34. Nf2 Rh5 35. Bf4 Rxd5 36. b4 Bxc3 37. b5 Rc5 38. Ne4 Rxe4 39. Kxe4 Rc4+ 40. Kd3 1-0